ბათუმის შოთა რუსთაველის სახელმწიფო უნივერსიტეტის ბიბლიოთეკა

ყოფაქცევის კულტურა (ბიბ.ჩანაწერი № 51001)

000 -LEADER
fixed length control field 00842nam a2200217Ia 4500
001 - CONTROL NUMBER
control field 17958
003 - CONTROL NUMBER IDENTIFIER
control field GE_BSU
008 - FIXED-LENGTH DATA ELEMENTS--GENERAL INFORMATION
fixed length control field 181216s||||||||xx |||||||||||||| ||und||
020 ## - INTERNATIONAL STANDARD BOOK NUMBER
International Standard Book Number 9992803614
040 ## - CATALOGING SOURCE
Transcribing agency GE_BSU
080 ## - UNIVERSAL DECIMAL CLASSIFICATION NUMBER
Universal Decimal Classification number 371.51(073.3)
100 ## - MAIN ENTRY--PERSONAL NAME
Personal name ბედინაძე,ლია
245 ## - TITLE STATEMENT
Title ყოფაქცევის კულტურა
245 ## - TITLE STATEMENT
Remainder of title დამხმარე სასწავლო მასალა ზოგადსაგანმანათლებლო სკოლის მოსწავლეთათვის
245 ## - TITLE STATEMENT
Statement of responsibility, etc. რედ.ო.ქურდაძე. მხატვ. რ. ლომთათიძე
260 ## - PUBLICATION, DISTRIBUTION, ETC.
Place of publication, distribution, etc. თბილისი
260 ## - PUBLICATION, DISTRIBUTION, ETC.
Date of publication, distribution, etc. 2007
300 ## - PHYSICAL DESCRIPTION
Extent 174გვ. ; 21სმ.
653 ## - INDEX TERM--UNCONTROLLED
Uncontrolled term ყოფაქცევის კულტურა
942 ## - ADDED ENTRY ELEMENTS (KOHA)
Koha item type წიგნი
ეგზემპლარები
Withdrawn status Lost status Damaged status Not for loan Date acquired Barcode Date last seen Price effective from Koha item type
        2018-12-17 45918 2018-12-17 2018-12-17 წიგნი